| 000 | 00515nam a2200181Ia 4500 | ||
|---|---|---|---|
| 999 |
_c29921 _d29921 |
||
| 003 | OSt | ||
| 005 | 20201229094956.0 | ||
| 008 | 190216s9999||||xx |||||||||||||| ||und|| | ||
| 020 | _a9788126418299 | ||
| 040 | _coclc | ||
| 082 |
_a894.812301 _bKAK/E |
||
| 100 |
_aKakkanadan, G V _96639 |
||
| 245 | 0 |
_aEnte Priyappetta Kathakal / _cG V Kakkanadan |
|
| 260 |
_bDc Books, _c2012. _aKottayam: |
||
| 300 | _a130p | ||
| 650 | _aKathakal | ||
| 942 |
_cBK _2ddc _h894.812301 _iKAK/E _k894.812301 _mKAK/E |
||